000 00679nam a2200289Ia 4500
005 20260324133407.0
008 008 260324s9999 xx 000 0 eng d
020 _a9780203509098
037 _aEBOOK
040 _aCRL
040 _beng
040 _cCRL
041 _2eng
041 _aeng
084 _qCRL
100 _aT. Lupton
_91192929
245 0 _aOn the Shop Floor
245 0 _bTwo Studies of Workshop Organization and Output
260 _bTaylor and Francis
260 _c2003
365 _a
365 _b420
856 _uhttp://www.taylorfrancis.com/books/9780203509098
942 _cEBOOK
999 _c1791911
_d1791911